000 01027cam a2200253 i 4500
001 114609
005 20230410132639.0
008 140220s2013 enka 000 0 eng
020 _a9780593072493
041 0 _aEng
050 1 4 _aPS 3552
_bB877inf 2013
100 1 _aBrown, Dan,
_d1964-
245 1 0 _aInferno /
_cDan Brown
260 _aLondon:
_bBantam press;
_c2013
300 _a461 p.:
_c24 cm
520 _aSymbolforskeren Robert Langdon trækkes ind i en dramatisk verden, der omhandler et af historiens mest mystiske, mørkeste og mest spændende litterære værker: Dantes Inferno. Robert befinder sig pludselig dybt i den klassiske kunst hemmeligheder og han far brug for al sin viden om koder og symboler, for at kunne hamle op med en uhyggelig modstander, inden verden forandres for altid ....
650 0 _aDante Alighieri
650 0 _aDen guddommdige komedie
650 0 _aSpaendende boger
650 4 _aLa comedia gudbommdige.
650 4 _aLibros emocionantes.
942 _2lcc
_cbk
946 _adpf
999 _c85293
_d85293